Statistics for Liverpool FC Players 2018-19 season

Click here to take the quiz!

General Stats

  • This quiz has been taken 98 times
    (72 since last reset)
  • The average score is 24 of 34

Answer Stats

NumberPositionPlayer nameCountry% Correct
11FWMohamed SalahEgypt
98%
13GKAlisson BeckerBrazil
95%
12DFJoe GomezEngland
95%
9FWRoberto FirminoBrazil
95%
10FWSadio ManeSenegal
95%
26DFAndrew RobertsonScotland
94%
32DFJoel MatipCameroon
94%
4DFVirgil Van DijkNetherlands
94%
27FWDivock OrigiBelgium
92%
3MFFabinhoBrazil
92%
14MFJordan HendersonEngland
92%
7MFJames MilnerEngland
90%
8MFNaby KeitaGuinea
90%
-ManagerJurgen KloppGermany
89%
6DFDejan LovrenCroatia
87%
5MFGeorginio WijnaldumNetherlands
85%
23FWXherdan ShaqiriSwitzerland
85%
22GKSimon MignoletBelgium
82%
66DFTrent Alexander-ArnoldEngland
82%
2DFNathaniel ClyneEngland
77%
20MFAdam LallanaEngland
76%
21MFAlex Oxlade-ChamberlainEngland
76%
15FWDaniel SturridgeEngland
73%
18DFAlberto MorenoSpain
69%
62GKCaoimhin KelleherRepublic Of Ireland
60%
24FWRhian BrewsterEngland
55%
48MFCurtis JonesEngland
52%
29FWDominic SolankeEngland
42%
50MFLazar MarkovicSerbia
37%
68MFPedro ChirivellaSpain
29%
73GKKamil GrabaraPoland
19%
47DFNathaniel PhillipsEngland
19%
54FWSheyi OjoEngland
13%
56DFConnor RandallEngland
6%

Score Distribution

Percentile by Number Answered

Percent of People with Each Score

Your Score History

You have not taken this quiz since the last reset